<?xml version="1.0" encoding="UTF-8"?>
<record
    xmlns:xsi="http://www.w3.org/2001/XMLSchema-instance"
    xsi:schemaLocation="http://www.loc.gov/MARC21/slim http://www.loc.gov/standards/marcxml/schema/MARC21slim.xsd"
    xmlns="http://www.loc.gov/MARC21/slim">

  <leader>00663nam a22001337a 4500</leader>
  <datafield tag="040" ind1=" " ind2=" ">
    <subfield code="c">RUA</subfield>
  </datafield>
  <datafield tag="082" ind1=" " ind2=" ">
    <subfield code="a">AGR HOU 2017 B625 Or.1</subfield>
  </datafield>
  <datafield tag="100" ind1=" " ind2=" ">
    <subfield code="a">HOURN RINA  &#x17A0;&#x17BD;&#x1793; &#x179A;&#x17B8;&#x178E;&#x17B6;</subfield>
  </datafield>
  <datafield tag="245" ind1=" " ind2=" ">
    <subfield code="a">comparison of different rates of manual on growth and yeild of green mustard &#x1780;&#x17B6;&#x179A;&#x1794;&#x17D2;&#x179A;&#x17C0;&#x1794;&#x1792;&#x17C0;&#x1794;&#x1780;&#x1798;&#x17D2;&#x179A;&#x17B7;&#x178F;&#x1787;&#x17B8;&#x179B;&#x17B6;&#x1798;&#x1780;&#x179F;&#x178F;&#x17D2;&#x1781;&#x17BB;&#x179F;&#x17D7;&#x1782;&#x17D2;&#x1793;&#x17B6;&#x179B;&#x17BE;&#x1780;&#x17B6;&#x179A;&#x179B;&#x17BC;&#x178F;&#x179B;&#x17B6;&#x179F;&#x17CB; &#x1793;&#x17B7;&#x1784;&#x200B;&#x1791;&#x17B7;&#x1793;&#x17D2;&#x1793;&#x1795;&#x179B;&#x178A;&#x17C6;&#x178E;&#x17B6;&#x17C6;&#x179F;&#x17D2;&#x1796;&#x17C3;&#x1781;&#x17C0;&#x179C;&#x179C;</subfield>
  </datafield>
  <datafield tag="260" ind1=" " ind2=" ">
    <subfield code="a">Phnom penh</subfield>
    <subfield code="b">RUA</subfield>
    <subfield code="c">2017</subfield>
  </datafield>
  <datafield tag="300" ind1=" " ind2=" ">
    <subfield code="a">ix;31p</subfield>
    <subfield code="b">ill;</subfield>
    <subfield code="c">29cm;</subfield>
  </datafield>
  <datafield tag="856" ind1=" " ind2=" ">
    <subfield code="u">https://drive.google.com/file/d/12Lq0mmmDhbJLP4-FmIAonGDwiCl0oLIi/view?usp=sharing</subfield>
  </datafield>
  <datafield tag="942" ind1=" " ind2=" ">
    <subfield code="c">AGR</subfield>
  </datafield>
  <datafield tag="999" ind1=" " ind2=" ">
    <subfield code="c">17768</subfield>
    <subfield code="d">17768</subfield>
  </datafield>
  <datafield tag="952" ind1=" " ind2=" ">
    <subfield code="0">0</subfield>
    <subfield code="1">0</subfield>
    <subfield code="2">ddc</subfield>
    <subfield code="4">0</subfield>
    <subfield code="6">AGR_HOU_2017_000000000000000_B625_OR_1</subfield>
    <subfield code="7">0</subfield>
    <subfield code="9">77937</subfield>
    <subfield code="a">LBB</subfield>
    <subfield code="b">LBB</subfield>
    <subfield code="c">B625</subfield>
    <subfield code="d">2019-01-23</subfield>
    <subfield code="o">AGR HOU 2017 B625 Or.1</subfield>
    <subfield code="p">A40993</subfield>
    <subfield code="r">2019-01-23</subfield>
    <subfield code="w">2019-01-23</subfield>
    <subfield code="y">AGR</subfield>
  </datafield>
  <datafield tag="952" ind1=" " ind2=" ">
    <subfield code="0">0</subfield>
    <subfield code="1">0</subfield>
    <subfield code="2">ddc</subfield>
    <subfield code="4">0</subfield>
    <subfield code="6">AGR_HOU_2017_000000000000000_B625_OR_2</subfield>
    <subfield code="7">0</subfield>
    <subfield code="9">77938</subfield>
    <subfield code="a">LBB</subfield>
    <subfield code="b">LBB</subfield>
    <subfield code="c">B625</subfield>
    <subfield code="d">2019-01-23</subfield>
    <subfield code="o">AGR HOU 2017 B625 Or.2</subfield>
    <subfield code="p">A40599</subfield>
    <subfield code="r">2019-01-23</subfield>
    <subfield code="w">2019-01-23</subfield>
    <subfield code="y">AGR</subfield>
  </datafield>
  <datafield tag="952" ind1=" " ind2=" ">
    <subfield code="0">0</subfield>
    <subfield code="1">0</subfield>
    <subfield code="2">ddc</subfield>
    <subfield code="4">0</subfield>
    <subfield code="6">AGR_HOU_2017_000000000000000_B625_OR_3</subfield>
    <subfield code="7">0</subfield>
    <subfield code="9">77939</subfield>
    <subfield code="a">LBB</subfield>
    <subfield code="b">LBB</subfield>
    <subfield code="c">B625</subfield>
    <subfield code="d">2019-01-23</subfield>
    <subfield code="o">AGR HOU 2017 B625 Or.3</subfield>
    <subfield code="p">A40553</subfield>
    <subfield code="r">2019-01-23</subfield>
    <subfield code="w">2019-01-23</subfield>
    <subfield code="y">AGR</subfield>
  </datafield>
  <datafield tag="952" ind1=" " ind2=" ">
    <subfield code="0">0</subfield>
    <subfield code="1">0</subfield>
    <subfield code="2">ddc</subfield>
    <subfield code="4">0</subfield>
    <subfield code="6">AGR_HOU_2017_000000000000000_B625_OR_4</subfield>
    <subfield code="7">0</subfield>
    <subfield code="9">77940</subfield>
    <subfield code="a">LBB</subfield>
    <subfield code="b">LBB</subfield>
    <subfield code="c">B625</subfield>
    <subfield code="d">2019-01-23</subfield>
    <subfield code="o">AGR HOU 2017 B625 Or.4</subfield>
    <subfield code="p">A40474</subfield>
    <subfield code="r">2019-01-23</subfield>
    <subfield code="w">2019-01-23</subfield>
    <subfield code="y">AGR</subfield>
  </datafield>
  <datafield tag="952" ind1=" " ind2=" ">
    <subfield code="0">0</subfield>
    <subfield code="1">0</subfield>
    <subfield code="2">ddc</subfield>
    <subfield code="4">0</subfield>
    <subfield code="6">AGR_HOU_2017_000000000000000_B1_218_OR_1</subfield>
    <subfield code="7">0</subfield>
    <subfield code="9">78222</subfield>
    <subfield code="a">LBB</subfield>
    <subfield code="b">LBB</subfield>
    <subfield code="c">B1.218</subfield>
    <subfield code="d">2019-02-11</subfield>
    <subfield code="l">1</subfield>
    <subfield code="o">AGR HOU 2017 B1.218 Or.1</subfield>
    <subfield code="p">A33137</subfield>
    <subfield code="r">2019-10-19</subfield>
    <subfield code="s">2019-10-12</subfield>
    <subfield code="w">2019-02-11</subfield>
    <subfield code="y">AGR</subfield>
  </datafield>
  <datafield tag="952" ind1=" " ind2=" ">
    <subfield code="0">0</subfield>
    <subfield code="1">0</subfield>
    <subfield code="2">ddc</subfield>
    <subfield code="4">0</subfield>
    <subfield code="6">AGR_HOU_2017_000000000000000_B625_OR_1</subfield>
    <subfield code="7">0</subfield>
    <subfield code="9">83109</subfield>
    <subfield code="a">LBB</subfield>
    <subfield code="b">LBB</subfield>
    <subfield code="c">B625</subfield>
    <subfield code="d">2020-01-10</subfield>
    <subfield code="o">AGR HOU 2017 B625 Or.1</subfield>
    <subfield code="r">2020-01-10</subfield>
    <subfield code="w">2020-01-10</subfield>
    <subfield code="y">AGR</subfield>
  </datafield>
</record>
